| 000 | 00362nam a2200133Ia 4500 | ||
|---|---|---|---|
| 008 | 220217s9999 xx 000 0 und d | ||
| 245 | 0 | _aMethods of testing rubber latex. Part 1. Sampling and basic tests. | |
| 260 | _c1950 | ||
| 500 | _aStandard number: BS 1672 Part 1 | ||
| 650 | _aBasic tests | ||
| 650 | _aRubber latex | ||
| 650 | _aSampling | ||
| 942 | _cST | ||
| 999 |
_c73009 _d73009 |
||